| 000 | 00536nam a2200193 a 4500 | ||
|---|---|---|---|
| 001 | 1770453313007 | ||
| 003 | YourLibrary | ||
| 005 | 20260207140845.0 | ||
| 008 | 260207s1999##################000#0#eng## | ||
| 020 | _a9783540660071 | ||
| 082 | 0 | 4 |
_a330.9 _bCUR |
| 100 | 1 |
_aCurzio, Alberto Quadrio, _eauthor. |
|
| 245 | 1 | 0 | _aRent, Resources, Technologies : |
| 260 |
_bSpringer Science & Business Media, _c1999. |
||
| 300 | _a712 pages | ||
| 650 | 0 | _aBusiness & Economics. | |
| 942 | _cENGLISH | ||
| 040 |
_aYourLibrary _beng _cYourLibrary |
||
| 999 |
_c611059 _d611059 |
||